000 00581nam a2200193 4500
003 OSt
005 20240626060851.0
006 a
008 240626b |||||||| |||| 00| 0 eng d
020 _a9789710111244
040 _aDWCL-Main lib.
_cOC
082 _aFil. 331.21 V718g 2010
100 _aVillanueva, Elvin B.
245 _aGuide on employee compensation and benefits volume two /
260 _aQuezon City :
_bCentral Book Supply, Inc.,
_cc2010.
300 _axxvi,
_b232 p. ;
_c23 cm.
650 _a1. Salaries, wages, etc.-Guidebboks.
942 _2ddc
_n0
_cBK - FIL
_kFil.
999 _c1396
_d1396